मराठी स्त्री शक्तचिे राजकारणी रूप. (Record no. 769111)

MARC details
000 -LEADER
fixed length control field 00787nam a2200181Ia 4500
008 - FIXED-LENGTH DATA ELEMENTS--GENERAL INFORMATION
fixed length control field 100921s9999 xx 000 0 und d
082 ## - DEWEY DECIMAL CLASSIFICATION NUMBER
Item number 19998
Classification number 305.4 थ 86
100 ## - MAIN ENTRY--PERSONAL NAME
Personal name गवाणकर रोहिणी.
245 ## - TITLE STATEMENT
Title मराठी स्त्री शक्तचिे राजकारणी रूप.
260 ## - PUBLICATION, DISTRIBUTION, ETC. (IMPRINT)
Name of publisher, distributor, etc आदित्य प्रतिष्ठान,पुणे.
Date of publication, distribution, etc 1986
300 ## - PHYSICAL DESCRIPTION
Extent 316
Other physical details ---
365 ## - TRADE PRICE
Price amount 50
520 ## - SUMMARY, ETC.
Summary, etc स.शा.-स्त्रीया.
630 ## - SUBJECT ADDED ENTRY--UNIFORM TITLE
Uniform title मराठी स्त्री शक्तचिे राजकारणी रूप.
650 ## - SUBJECT ADDED ENTRY--TOPICAL TERM
Topical term or geographic name as entry element स.शा.-स्त्रीया.
730 ## - ADDED ENTRY--UNIFORM TITLE
Uniform title मराठी स्त्री शक्तचिे राजकारणी रूप.
942 ## - ADDED ENTRY ELEMENTS (KOHA)
Koha item type Book
Holdings
Withdrawn status Lost status Damaged status Not for loan Home library Current library Shelving location Date acquired Cost, normal purchase price Total Checkouts Barcode Date last seen Price effective from Koha item type Public note
        Lo. Tilak Granthasangrahalaya, Wai Lo. Tilak Granthasangrahalaya, Wai     50.00   WAITILAKGS-19998 09/21/2010 09/21/2010 Book देवघेव